000 01089cam a22003131 4500
001 486315
003 ARRUPE
005 20160307083316.0
008 860620s1966 gw a 000 0 ger d
035 _a(OCoLC)83046797
035 _a(OCoLC)ocm83046797
035 _a(CStRLIN)NYCG86-B64216
035 _a(NNC)486315
040 _aNNC
_cNNC
050 _aNA440.B853
100 1 _aBusch, Harald,
_d1904-,
_eeditor.
_922678
245 1 0 _aBaukunst der Gotik in Europa.
_bHrsg. von Harald Busch und Bernd Lohse; Einleitung von Kurt Gerstenberg; Bilderläuterungen von Helmut Domke.
250 _a[6. Aufl.]
260 _aFrankfurt am Main,
_bUmschau Verlag
_c[1966]
300 _axxxv, 200P.;
_bcol. front., illus., 200 plates on 100 l., plans.
_c27 cm.
490 1 _aMonumente des Abendlandes; eine Buchreihe
500 _aCaptions in German and English.
650 _aArchitecture, Gothic
_922679
650 _aArchitecture
_zEurope
_922676
700 _aLohse, Bernd
_eed.
_922761
830 0 _aMonumente des Abendlandes.
_922680
942 _2lcc
_cMONOGRAPH
999 _c124283
_d124283